T Vocabulary Words Quiz #2 - Statistics

General Stats
  • This quiz has been taken 37,977 times
  • The average score is 14 of 22
Answer Stats
Definition Word % Correct
Princess's crown Tiara
93%
Musical pace Tempo
87%
Claw of a bird of prey Talon
83%
Large lower leg bone Tibia
82%
Former Russian ruler Tsar
82%
Man's headdress made by wrapping cloth around the head Turban
82%
Man's wig to cover a bald spot Toupee
78%
Native American ax Tomahawk
73%
Lukewarm Tepid
70%
Pacific version of a hurricane Typhoon
70%
To provoke an internet argument for the sake of one's own amusement Troll
66%
Place where leather is made Tannery
65%
Device used to cut off circulation Tourniquet
64%
Medical condition of ringing in the ears Tinnitus
63%
Long sled without runners Toboggan
62%
Tenth of earnings paid to the church Tithe
58%
Lockjaw Tetanus
56%
Magical item worn for supernatural protection Talisman
53%
Person who completely abstains from alcohol Teetotaler
47%
Angry rant; Diatribe Tirade
45%
This lights the kindling Tinder
39%
Plant from which poi is made Taro
24%
No matching quizzes found
Score Distribution
Percent of People with Each Score
Percentile by Number Answered
Your Score History
You have not taken this quiz